[Event "GER-chT Online Liga 1 GpD"]
[Site "Playchess.com INT"]
[Date "2021.02.03"]
[Round "2.2"]
[White "Wolter, Detlef"]
[Black "Holinka, Henning"]
[Result "1-0"]
[WhiteElo "2202"]
[BlackElo "2256"]
[PlyCount "117"]
[EventDate "2021.01.18"]
[EventType "team-tourn (rapid)"]
[EventRounds "7"]
[EventCountry "GER"]
[SourceTitle "EXT 2022"]
[Source "ChessBase"]
[SourceDate "2021.10.06"]
[SourceVersion "1"]
[SourceVersionDate "2021.10.06"]
[SourceQuality "1"]
[WhiteTeam "Koeln Lasker"]
[BlackTeam "Hamburger SK"]
[WhiteTeamCountry "GER"]
[BlackTeamCountry "GER"]

1. d4 g6 2. g3 Bg7 3. Bg2 d6 4. c4 Nd7 5. Nc3 e5 6. Nf3 Ne7 7. h4 h6 8. e4 exd4 9. Nxd4 Ne5 10. f4 Bg4 11. Nde2 Nf3+ 12. Kf2 Nd4 13. Be3 Nec6 14. Qd2 Nxe2 15. Nxe2 0-0 16. Nd4 Qf6 17. Nxc6 bxc6 18. Rab1 a5 19. Rhe1 a4 20. Kg1 Rfb8 21. b4 axb3 22. Rxb3 Rxb3 23. axb3 Ra3 24. Rb1 Qc3 25. Qxc3 Bxc3 26. Bf2 c5 27. e5 Bf5 28. Rd1 dxe5 29. Bxc5 Rxb3 30. Rd8+ Kh7 31. Bd5 Rb1+ 32. Kg2 e4 33. Bxf7 Rb2+ 34. Kg1 Bf6 35. Ra8 Rb3 36. Kf2 Bh3 37. h5 Rf3+ 38. Ke2 gxh5 39. Bg8+ Kg7 40. Bd5 Bg4 41. Bf8+ Kh8 42. Bxh6+ Kh7 43. Bxe4+ Kxh6 44. Bxf3 Be6 45. Bd5 Bf5 46. Ke3 Bc3 47. Ra6+ Kg7 48. Rc6 Ba5 49. Kd4 Bd7 50. Ra6 Be1 51. Be4 Bg4 52. f5 Bf2+ 53. Kd5 Bxg3 54. Ke6 Bd6 55. Rxd6 cxd6 56. Ke7 Kg8 57. f6 Be6 58. Bd5 Bxd5 59. cxd5 1-0

[Event "GER Cup Net Final-A U2400"]
[Site "Playchess.com INT"]
[Date "2020.06.06"]
[Round "4"]
[White "Wolter, Detlef"]
[Black "Thiede, Lars"]
[Result "1-0"]
[WhiteElo "2004"]
[BlackElo "2139"]
[PlyCount "63"]
[EventDate "2020.06.06"]
[EventType "swiss (blitz)"]
[EventRounds "13"]
[EventCountry "GER"]
[SourceTitle "CBM 197 Extra"]
[Source "ChessBase"]
[SourceDate "2020.09.30"]
[SourceVersion "1"]
[SourceVersionDate "2020.09.30"]
[SourceQuality "1"]

1. d4 Nf6 2. c4 g6 3. Nf3 Bg7 4. g3 0-0 5. Bg2 d6 6. 0-0 Nbd7 7. Nc3 e5 8. e4 Re8 9. Re1 exd4 10. Nxd4 a6 11. Rb1 Rb8 12. b3 Ne5 13. h3 c5 14. Nde2 Qc7 15. f4 Nc6 16. Nd5 Nxd5 17. cxd5 Nd4 18. Nxd4 Bxd4+ 19. Kh2 b5 20. Bb2 Bxb2 21. Rxb2 Bd7 22. Rbe2 b4 23. e5 Bb5 24. Re3 c4 25. bxc4 Qxc4 26. Qd2 Qc5 27. e6 Rbc8 28. f5 a5 29. f6 Qc7 30. Re4 Rf8 31. e7 Rfe8 32. Qh6 1-0

[Event "GER-ch Net Amateur Gr-A Vor1"]
[Site "Playchess.com INT"]
[Date "2020.04.14"]
[Round "7"]
[White "Garner, Isaac"]
[Black "Wolter, Detlef"]
[Result "0-1"]
[WhiteElo "1620"]
[BlackElo "1924"]
[PlyCount "180"]
[EventDate "2020.04.14"]
[EventType "swiss (blitz)"]
[EventRounds "9"]
[EventCountry "GER"]
[SourceTitle "EXT 2021"]
[Source "ChessBase"]
[SourceDate "2020.10.23"]
[SourceVersion "1"]
[SourceVersionDate "2020.10.23"]
[SourceQuality "1"]

1. e4 c5 2. Nf3 d6 3. d4 cxd4 4. Nxd4 Nf6 5. Nc3 a6 6. g3 g6 7. Bg2 Bg7 8. 0-0 0-0 9. h3 Qc7 10. Be3 Nc6 11. Nde2 b5 12. Nd5 Nxd5 13. exd5 Na5 14. Bd4 Bb7 15. b3 Rac8 16. Rc1 Bh6 17. f4 e6 18. Bc3 b4 19. Bb2 e5 20. Kh1 f6 21. Qd2 Qb6 22. c3 Ba8 23. cxb4 Nb7 24. Rc6 Qd8 25. Rfc1 Rb8 26. Qc2 a5 27. a3 axb4 28. axb4 Rf7 29. Rc8 Rxc8 30. Qxc8 Rf8 31. Qe6+ Kh8 32. Rc6 Re8 33. Qf7 Bg7 34. Rc7 Rg8 35. fxe5 dxe5 36. d6 Nxd6 37. Qe7 Bxg2+ 38. Kxg2 Qxe7 39. Rxe7 Nf5 40. Rc7 Rd8 41. Kf3 h5 42. g4 hxg4+ 43. hxg4 Nh4+ 44. Kg3 g5 45. Rc3 Ng6 46. Rf3 Rb8 47. Bc3 Rc8 48. Rd3 Nf4 49. Nxf4 gxf4+ 50. Kf3 Kh7 51. Ke4 Kg6 52. b5 Rc5 53. b6 Rb5 54. Rd6 Rxb3 55. Bxe5 Re3+ 56. Kxf4 Rxe5 57. b7 Rb5 58. g5 Rxb7 59. gxf6 Bxf6 60. Re6 Rb4+ 61. Ke3 Kf5 62. Ra6 Rb3+ 63. Kd2 Bd4 64. Rh6 Ke4 65. Rh4+ Kd5 66. Rh7 Kc4 67. Rc7+ Bc5 68. Rh7 Rb2+ 69. Ke1 Kd3 70. Rd7+ Bd4 71. Kf1 Rf2+ 72. Ke1 Rg2 73. Rf7 Rg1+ 74. Rf1 Rg8 75. Rf3+ Be3 76. Rf7 Rb8 77. Kf1 Rb2 78. Rd7+ Bd4 79. Ke1 Rg2 80. Rf7 Re2+ 81. Kf1 Rh2 82. Rf3+ Ke4 83. Ra3 Be3 84. Ra8 Kf3 85. Rf8+ Bf4 86. Rg8 Rc2 87. Re8 Rc1+ 88. Re1 Rc2 89. Ra1 Be3 90. Re1 Rh2 0-1

[Event "GER-ch Net Amateur Gr-A Vor1"]
[Site "Playchess.com INT"]
[Date "2020.04.14"]
[Round "2"]
[White "Wolter, Detlef"]
[Black "Dauner, Benedikt"]
[Result "1-0"]
[WhiteElo "1924"]
[BlackElo "2099"]
[PlyCount "153"]
[EventDate "2020.04.14"]
[EventType "swiss (blitz)"]
[EventRounds "9"]
[EventCountry "GER"]
[SourceTitle "EXT 2021"]
[Source "ChessBase"]
[SourceDate "2020.10.23"]
[SourceVersion "1"]
[SourceVersionDate "2020.10.23"]
[SourceQuality "1"]

1. d4 Nf6 2. c4 g6 3. Nf3 Bg7 4. g3 0-0 5. Bg2 d6 6. 0-0 Nc6 7. d5 Na5 8. Nbd2 c5 9. Qc2 a6 10. Rb1 b5 11. b3 Rb8 12. e4 bxc4 13. bxc4 Rxb1 14. Qxb1 Bd7 15. Bb2 Qc7 16. Qa1 Rb8 17. Bc3 Nb7 18. Rb1 Nd8 19. e5 Ne8 20. Rxb8 Qxb8 21. Qe1 Qc7 22. h3 h6 23. Kh2 dxe5 24. Bxe5 Bxe5 25. Qxe5 e6 26. Qe3 exd5 27. Qxh6 d4 28. Ng5 Qe5 29. Nde4 Qg7 30. Qh4 Ne6 31. Nf3 f5 32. Neg5 Nxg5 33. Nxg5 Nf6 34. Bd5+ Nxd5 35. cxd5 Kf8 36. Ne6+ Bxe6 37. dxe6 g5 38. Qh5 Ke7 39. Qe2 Qf6 40. Qxa6 Qxe6 41. Qa7+ Kf6 42. Qxc5 Qd7 43. Qc2 d3 44. Qd2 Qd4 45. a4 Qc4 46. Qb2+ Kg6 47. a5 Qc2 48. Qb6+ Kh5 49. Qe6 Qxf2+ 50. Kh1 Qf3+ 51. Kg1 Qxg3+ 52. Kf1 Qxh3+ 53. Ke1 Qg3+ 54. Kd2 Qf2+ 55. Kxd3 Qf1+ 56. Kd2 Kg4 57. Qe2+ Qxe2+ 58. Kxe2 Kg3 59. Kf1 f4 60. a6 f3 61. a7 g4 62. a8Q Kh2 63. Qh8+ Kg3 64. Qe5+ Kh3 65. Qh5+ Kg3 66. Qf5 Kh3 67. Kf2 Kh4 68. Qf4 Kh5 69. Qg3 Kg5 70. Ke3 Kf5 71. Qh4 f2 72. Qxf2+ Kg5 73. Qg3 Kh5 74. Kf4 Kh6 75. Qxg4 Kh7 76. Kf5 Kh8 77. Kf6 1-0

[Event "GER-ch Net Amateur Gr-A Vor1"]
[Site "Playchess.com INT"]
[Date "2020.04.14"]
[Round "4"]
[White "Wolter, Detlef"]
[Black "Serrer, Christoph"]
[Result "0-1"]
[WhiteElo "1924"]
[BlackElo "2079"]
[PlyCount "114"]
[EventDate "2020.04.14"]
[EventType "swiss (blitz)"]
[EventRounds "9"]
[EventCountry "GER"]
[SourceTitle "EXT 2021"]
[Source "ChessBase"]
[SourceDate "2020.10.23"]
[SourceVersion "1"]
[SourceVersionDate "2020.10.23"]
[SourceQuality "1"]

1. d4 Nf6 2. c4 c5 3. d5 b5 4. cxb5 a6 5. f3 axb5 6. e4 d6 7. Bxb5+ Nfd7 8. Ne2 g6 9. Nec3 Bg7 10. 0-0 0-0 11. Bg5 Ba6 12. Na3 Nb6 13. Qe2 Bxb5 14. Naxb5 Na6 15. Kh1 Nc7 16. a4 Qd7 17. Rfc1 Rfb8 18. Ra3 Nxa4 19. Rxa4 Rxa4 20. Nxa4 Nxb5 21. Be3 Nd4 22. Bxd4 Bxd4 23. Nc3 Qb7 24. Rc2 Bxc3 25. Rxc3 Qxb2 26. Qxb2 Rxb2 27. Kg1 f5 28. Kf1 Kf7 29. h4 Kf6 30. exf5 gxf5 31. Re3 Rd2 32. Re6+ Kf7 33. Rh6 Rxd5 34. Rxh7+ Kf6 35. Rh8 Rd1+ 36. Kf2 Rh1 37. g3 d5 38. Ke3 Re1+ 39. Kd3 c4+ 40. Kd4 Rd1+ 41. Ke3 c3 42. Rc8 d4+ 43. Ke2 Rd2+ 44. Ke1 Rg2 45. Rc4 Ke5 46. Rc5+ Ke6 47. Rc4 Kd5 48. Rc7 Rxg3 49. Kf2 Rg7 50. h5 Rh7 51. Ke2 Kd6 52. Rc4 e5 53. f4 Rxh5 54. fxe5+ Kxe5 55. Rc8 Rh2+ 56. Kd3 Rh3+ 57. Kc2 Re3 0-1

[Event "GER-ch Net blitz qual5"]
[Site "Playchess.com INT"]
[Date "2020.03.28"]
[Round "10"]
[White "Bashylina, Luisa"]
[Black "Wolter, Detlef"]
[Result "1/2-1/2"]
[WhiteElo "1975"]
[BlackElo "2202"]
[PlyCount "75"]
[EventDate "2020.03.28"]
[EventType "swiss (blitz)"]
[EventRounds "13"]
[EventCountry "GER"]
[SourceTitle "CBM 195 Extra"]
[Source "ChessBase"]
[SourceDate "2020.05.31"]
[SourceVersion "1"]
[SourceVersionDate "2020.05.31"]
[SourceQuality "1"]

1. e4 c5 2. Nf3 d6 3. d4 cxd4 4. Qxd4 Nf6 5. Nc3 e5 6. Bb5+ Bd7 7. Bxd7+ Nbxd7 8. Qd3 Be7 9. h3 0-0 10. Be3 a6 11. 0-0 Rc8 12. Nd5 Nxd5 13. Qxd5 Qc7 14. Rac1 Nf6 15. Qd3 h6 16. c4 Qc6 17. Nd2 Bd8 18. f4 exf4 19. Bxf4 Bb6+ 20. Kh1 Rfe8 21. Rce1 Ba5 22. e5 dxe5 23. Bxe5 Rcd8 24. Qg3 Rxe5 25. Rxe5 Rxd2 26. Rxa5 Qxc4 27. Rxf6 Qc1+ 28. Kh2 Rd1 29. Qb8+ Kh7 30. Rf3 Rh1+ 31. Kg3 Qe1+ 32. Rf2 Rf1 33. Qf4 Rxf2 34. Qxf2 Qxa5 35. Qxf7 Qg5+ 36. Kf2 Qc5+ 37. Kg3 Qe5+ 38. Qf4 1/2-1/2

[Event "GER-ch Net blitz qual5"]
[Site "Playchess.com INT"]
[Date "2020.03.28"]
[Round "2"]
[White "Wolter, Detlef"]
[Black "Commercon, Simon"]
[Result "1/2-1/2"]
[WhiteElo "2202"]
[BlackElo "2202"]
[PlyCount "89"]
[EventDate "2020.03.28"]
[EventType "swiss (blitz)"]
[EventRounds "13"]
[EventCountry "GER"]
[SourceTitle "CBM 195 Extra"]
[Source "ChessBase"]
[SourceDate "2020.05.31"]
[SourceVersion "1"]
[SourceVersionDate "2020.05.31"]
[SourceQuality "1"]

1. d4 f5 2. g3 Nf6 3. Bg2 e6 4. Nh3 Be7 5. 0-0 0-0 6. c4 d6 7. Nc3 c6 8. e4 fxe4 9. Nxe4 Nxe4 10. Bxe4 d5 11. Bg2 dxc4 12. Be3 Nd7 13. Qc2 Nb6 14. Nf4 Nd5 15. Qxc4 Kh8 16. Rfe1 Bf6 17. Rad1 Qb6 18. Bc1 Nxf4 19. Bxf4 Qxb2 20. Bh3 e5 21. Bc1 Qb6 22. Bxc8 Raxc8 23. dxe5 Be7 24. Be3 Qc7 25. f4 b5 26. Qe4 c5 27. Rd5 a6 28. Red1 Rcd8 29. e6 Rxd5 30. Rxd5 Rd8 31. f5 c4 32. Kg2 Bf6 33. Bf4 Qc8 34. g4 Rxd5 35. Qxd5 h6 36. h4 Bxh4 37. Qd7 Qa8+ 38. Kh2 Bf6 39. e7 Bxe7 40. Qxe7 Qf3 41. Qe8+ Kh7 42. Qg6+ Kh8 43. Qe8+ Kh7 44. Qg6+ Kh8 45. Qe8+ 1/2-1/2

[Event "GER-ch Net blitz qual5"]
[Site "Playchess.com INT"]
[Date "2020.03.28"]
[Round "9"]
[White "Wolter, Detlef"]
[Black "Irkilmez, Yakub"]
[Result "0-1"]
[WhiteElo "2202"]
[BlackElo "2167"]
[PlyCount "48"]
[EventDate "2020.03.28"]
[EventType "swiss (blitz)"]
[EventRounds "13"]
[EventCountry "GER"]
[SourceTitle "CBM 195 Extra"]
[Source "ChessBase"]
[SourceDate "2020.05.31"]
[SourceVersion "1"]
[SourceVersionDate "2020.05.31"]
[SourceQuality "1"]

1. d4 Nf6 2. Bg5 Ne4 3. Bf4 d5 4. e3 g6 5. Nd2 Bg7 6. Nxe4 dxe4 7. Bc4 0-0 8. h4 c5 9. c3 cxd4 10. exd4 Nc6 11. h5 e5 12. dxe5 Nxe5 13. Bxe5 Bxe5 14. hxg6 Qxd1+ 15. Rxd1 hxg6 16. Rh4 Bf5 17. g4 Bf6 18. Rh6 Kg7 19. Rh2 Bxg4 20. Ne2 Rh8 21. Rxh8 Rxh8 22. Kd2 Rd8+ 23. Kc2 Rxd1 24. Kxd1 Bh4 0-1

[Event "GER-ch Net blitz qual5"]
[Site "Playchess.com INT"]
[Date "2020.03.28"]
[Round "6"]
[White "Wolter, Detlef"]
[Black "Ochmann, Reimund"]
[Result "1-0"]
[WhiteElo "2202"]
[BlackElo "1932"]
[PlyCount "49"]
[EventDate "2020.03.28"]
[EventType "swiss (blitz)"]
[EventRounds "13"]
[EventCountry "GER"]
[SourceTitle "CBM 195 Extra"]
[Source "ChessBase"]
[SourceDate "2020.05.31"]
[SourceVersion "1"]
[SourceVersionDate "2020.05.31"]
[SourceQuality "1"]

1. d4 d5 2. c4 c6 3. Nc3 Nf6 4. e3 e6 5. Nf3 Nbd7 6. Qc2 Bd6 7. b3 e5 8. dxe5 Nxe5 9. cxd5 Nxf3+ 10. gxf3 cxd5 11. Rg1 0-0 12. Bb2 d4 13. exd4 Re8+ 14. Be2 Bb4 15. 0-0-0 Bxc3 16. Bxc3 Be6 17. d5 Bd7 18. Bd3 g6 19. Qd2 Rc8 20. Kb1 Nxd5 21. Bb2 Be6 22. Qh6 f6 23. Bxg6 hxg6 24. Qxg6+ Kf8 25. Qg7# 1-0

[Event "GER-ch Net blitz qual4"]
[Site "Playchess.com INT"]
[Date "2020.03.23"]
[Round "3"]
[White "Radeke, Timothy"]
[Black "Wolter, Detlef"]
[Result "0-1"]
[WhiteElo "1143"]
[BlackElo "2202"]
[PlyCount "72"]
[EventDate "2020.03.23"]
[EventType "swiss (blitz)"]
[EventRounds "9"]
[EventCountry "GER"]
[SourceTitle "CBM 195 Extra"]
[Source "ChessBase"]
[SourceDate "2020.05.31"]
[SourceVersion "1"]
[SourceVersionDate "2020.05.31"]
[SourceQuality "1"]

1. Nf3 d6 2. Nc3 c5 3. g3 g6 4. Bg2 Bg7 5. 0-0 Nc6 6. b3 e5 7. Bb2 f5 8. Nd5 Nge7 9. c4 0-0 10. Ne1 Be6 11. Nc2 Bf7 12. d3 Nxd5 13. cxd5 Nd4 14. Nxd4 cxd4 15. e3 dxe3 16. fxe3 Bh6 17. e4 f4 18. g4 Bg5 19. Bf3 Kg7 20. h3 Rc8 21. Rc1 Qa5 22. Rf2 Rxc1 23. Bxc1 Rc8 24. Bd2 Qb6 25. Kf1 Be8 26. Be1 Bb5 27. Rh2 Qe3 28. Be2 f3 29. Bf2 fxe2+ 30. Qxe2 Qxd3 31. Qxd3 Bxd3+ 32. Kg2 Rc2 33. Kf3 Be2+ 34. Kg2 Bd3 35. Kf3 Bf4 36. Rg2 Be2# 0-1

[Event "GER-ch Net blitz qual3"]
[Site "Playchess.com INT"]
[Date "2020.03.21"]
[Round "9"]
[White "Behringer, Daniel"]
[Black "Wolter, Detlef"]
[Result "0-1"]
[WhiteElo "1936"]
[BlackElo "2202"]
[PlyCount "122"]
[EventDate "2020.03.21"]
[EventType "swiss (blitz)"]
[EventRounds "9"]
[EventCountry "GER"]
[SourceTitle "CBM 195 Extra"]
[Source "ChessBase"]
[SourceDate "2020.05.31"]
[SourceVersion "1"]
[SourceVersionDate "2020.05.31"]
[SourceQuality "1"]

1. Nf3 d6 2. d4 Nf6 3. Nc3 Bf5 4. Bg5 Ne4 5. Nxe4 Bxe4 6. Nd2 Bg6 7. e4 h6 8. Bh4 Nd7 9. d5 c6 10. Nc4 Qc7 11. Bd3 Nc5 12. 0-0 Bh7 13. Qe2 g5 14. Bg3 Bg7 15. e5 Bxd3 16. cxd3 dxe5 17. Nxe5 Qb6 18. d4 Na6 19. dxc6 bxc6 20. Rac1 Rc8 21. d5 0-0 22. Nxc6 Rce8 23. b3 e5 24. dxe6 Rxe6 25. Qf3 Nb4 26. Nxb4 Qxb4 27. Rc4 Qa3 28. h4 gxh4 29. Rxh4 Qxa2 30. Re4 Rg6 31. Qe3 Qa5 32. Be5 f6 33. Bc3 Qh5 34. Qh3 Qg5 35. Qf3 Kh8 36. Rf4 h5 37. Bxf6 Rfxf6 38. Rxf6 Bxf6 39. Qa8+ Kh7 40. Qxa7+ Kh6 41. Qe3 Qxe3 42. fxe3 Bg5 43. Kf2 Rb6 44. Ke2 Rxb3 45. Kf3 Rxe3+ 46. Kf2 Rb3 47. Kg1 Rb6 48. Kh1 h4 49. Kg1 Kh5 50. Rd1 Kg4 51. Rd4+ Bf4 52. Rd3 Rb2 53. Rf3 Re2 54. Kf1 Rd2 55. Ke1 Rxg2 56. Rf1 h3 57. Rh1 h2 58. Rxh2 Rxh2 59. Kf1 Kf3 60. Kg1 Ra2 61. Kh1 Ra1# 0-1

[Event "GER-ch Net blitz qual1"]
[Site "Playchess.com INT"]
[Date "2020.03.07"]
[Round "5"]
[White "Wolter, Detlef"]
[Black "Helmer, Jan"]
[Result "0-1"]
[WhiteElo "2202"]
[BlackElo "2010"]
[PlyCount "50"]
[EventDate "2020.03.07"]
[EventType "swiss (blitz)"]
[EventRounds "9"]
[EventCountry "GER"]
[SourceTitle "CBM 195 Extra"]
[Source "ChessBase"]
[SourceDate "2020.05.31"]
[SourceVersion "1"]
[SourceVersionDate "2020.05.31"]
[SourceQuality "1"]

1. d4 b6 2. Nf3 Bb7 3. g3 g6 4. Bg2 Bg7 5. 0-0 Nf6 6. c4 0-0 7. Nc3 d6 8. b3 Nbd7 9. Bb2 e5 10. Qc2 Qe7 11. Rad1 Rab8 12. Nb5 a6 13. Nc3 e4 14. Ng5 e3 15. f3 h6 16. Nge4 Nxe4 17. fxe4 Nf6 18. e5 dxe5 19. dxe5 Ng4 20. Bxb7 Rxb7 21. Nd5 Qg5 22. Qe4 c6 23. Nf6+ Bxf6 24. exf6 Nf2 25. Rd6 Nxe4 0-1

[Event "BL2-West 1819"]
[Site "Germany"]
[Date "2018.11.25"]
[Round "3.4"]
[White "Hopman, Pieter"]
[Black "Wolter, Detlef"]
[Result "1-0"]
[WhiteElo "2310"]
[BlackElo "2218"]
[PlyCount "80"]
[EventDate "2018.11.21"]
[EventType "team-tourn"]
[EventRounds "9"]
[EventCountry "GER"]
[SourceTitle "CBM 190 Extra"]
[Source "ChessBase"]
[SourceDate "2019.07.15"]
[SourceVersion "1"]
[SourceVersionDate "2019.07.15"]
[SourceQuality "1"]
[WhiteTeam "Muelheim Nord II"]
[BlackTeam "Bochum SV"]
[WhiteTeamCountry "GER"]
[BlackTeamCountry "GER"]

1. d4 Nf6 2. c4 g6 3. Nc3 Bg7 4. e4 d6 5. Be2 0-0 6. Be3 e5 7. d5 Nbd7 8. g4 Nc5 9. f3 c6 10. h4 cxd5 11. cxd5 b5 12. Nxb5 Rb8 13. b4 Ncxe4 14. fxe4 Nxe4 15. Nxa7 Bb7 16. Rc1 Ra8 17. Nc6 Bxc6 18. dxc6 d5 19. Bf3 f5 20. Qb3 Kh8 21. h5 gxh5 22. c7 Qd7 23. gxf5 Rac8 24. Rxh5 Nf6 25. Rh2 e4 26. Bd1 d4 27. Qe6 dxe3 28. Qxd7 Nxd7 29. Bb3 Be5 30. Rhc2 Bd6 31. Be6 Ne5 32. Bxc8 Nd3+ 33. Ke2 Nxc1+ 34. Rxc1 Rxc8 35. Kxe3 Bxb4 36. Kxe4 Ba5 37. Kd5 Bxc7 38. Ke6 Re8+ 39. Kd7 Bf4 40. Kxe8 Bxc1 1-0

[Event "BL2-West 1819"]
[Site "Germany"]
[Date "2018.10.21"]
[Round "1.4"]
[White "Schlamp, Robert"]
[Black "Wolter, Detlef"]
[Result "1-0"]
[WhiteElo "2293"]
[BlackElo "2218"]
[PlyCount "71"]
[EventDate "2018.11.21"]
[EventType "team-tourn"]
[EventRounds "9"]
[EventCountry "GER"]
[SourceTitle "CBM 190 Extra"]
[Source "ChessBase"]
[SourceDate "2019.07.15"]
[SourceVersion "1"]
[SourceVersionDate "2019.07.15"]
[SourceQuality "1"]
[WhiteTeam "Oberursel"]
[BlackTeam "Bochum SV"]
[WhiteTeamCountry "GER"]
[BlackTeamCountry "GER"]

1. Nf3 c5 2. g3 b6 3. Bg2 Bb7 4. d3 g6 5. 0-0 Bg7 6. e4 e6 7. Nbd2 d6 8. a4 Ne7 9. Nc4 0-0 10. Bf4 e5 11. Bd2 Nbc6 12. Nh4 a6 13. c3 b5 14. Ne3 Kh8 15. f4 exf4 16. gxf4 f5 17. axb5 axb5 18. Rxa8 Bxa8 19. exf5 Nxf5 20. Nexf5 gxf5 21. Qh5 Ne7 22. Re1 Bxg2 23. Rxe7 Bf3 24. Ng6+ Kg8 25. Rxg7+ Kxg7 26. Nxf8 Qa8 27. Ne6+ Kf6 28. Qh6+ Ke7 29. Ng5 Qa1+ 30. Kf2 Bd5 31. Qxh7+ Kd8 32. Qxf5 Qh1 33. Qh3 Qd1 34. Qe3 Kd7 35. f5 Kc6 36. c4 1-0

[Event "Oberliga NRW 1718"]
[Site "Germany"]
[Date "2018.01.28"]
[Round "5.5"]
[White "Wolter, Detlef"]
[Black "Chilla, Jan Eric"]
[Result "1/2-1/2"]
[WhiteElo "2211"]
[BlackElo "2153"]
[PlyCount "48"]
[EventDate "2017.09.17"]
[EventType "team-tourn"]
[EventRounds "9"]
[EventCountry "GER"]
[SourceTitle "EXT 2019"]
[Source "ChessBase"]
[SourceDate "2018.10.10"]
[SourceVersion "1"]
[SourceVersionDate "2018.10.10"]
[SourceQuality "1"]
[WhiteTeam "Bochum SV"]
[BlackTeam "Muenster"]
[WhiteTeamCountry "GER"]
[BlackTeamCountry "GER"]

1. d4 Nf6 2. c4 e6 3. Nc3 Bb4 4. e3 0-0 5. Nge2 Re8 6. a3 Bf8 7. g3 d5 8. Bg2 a5 9. b3 Na6 10. 0-0 c6 11. Bb2 g6 12. Qc2 Bg7 13. Rad1 Qe7 14. h3 h5 15. Rfe1 Rb8 16. e4 dxe4 17. Nxe4 Nxe4 18. Qxe4 c5 19. Qc2 cxd4 20. Nxd4 Bd7 21. Qd2 Nc5 22. b4 Ba4 23. Rc1 Na6 24. b5 Nc5 1/2-1/2

[Event "Oberliga NRW 1718"]
[Site "Germany"]
[Date "2017.12.17"]
[Round "4.5"]
[White "Bus, Tom"]
[Black "Wolter, Detlef"]
[Result "1/2-1/2"]
[WhiteElo "2096"]
[BlackElo "2211"]
[PlyCount "27"]
[EventDate "2017.09.17"]
[EventType "team-tourn"]
[EventRounds "9"]
[EventCountry "GER"]
[SourceTitle "EXT 2019"]
[Source "ChessBase"]
[SourceDate "2018.10.10"]
[SourceVersion "1"]
[SourceVersionDate "2018.10.10"]
[SourceQuality "1"]
[WhiteTeam "Muelheim Nord II"]
[BlackTeam "Bochum SV"]
[WhiteTeamCountry "GER"]
[BlackTeamCountry "GER"]

1. Nf3 Nf6 2. g3 g6 3. b3 Bg7 4. Bb2 0-0 5. Bg2 d6 6. d4 c6 7. 0-0 a5 8. Re1 Bf5 9. Nbd2 d5 10. c4 Na6 11. a3 Ne4 12. Nh4 Nxd2 13. Qxd2 Be6 14. e4 1/2-1/2